Diccionario de botánica
Saved in:
| Hovedforfatter: | |
|---|---|
| Format: | Bog |
| Sprog: | spansk |
| Udgivet: |
Barcelona
Teide
1973
Barcelona Instituto Geográfico de Agostini 1973 |
| Fag: | |
| Tags: |
Tilføj Tag
Ingen Tags, Vær først til at tagge denne postø!
|
MARC
| LEADER | 00000nam a2200000 a 4500 | ||
|---|---|---|---|
| 001 | UCZ1021 | ||
| 003 | CL-VaPUC | ||
| 008 | 950810e19730000SP |||||||||||||||||spa|d | ||
| 082 | 0 | 4 | |a 581 |b TOS |2 21 |
| 100 | 0 | |a Tosco, Uberto |e author |9 344395 | |
| 245 | 1 | 0 | |a Diccionario de botánica |
| 300 | |a 256 p | ||
| 942 | |c BK | ||
| 945 | |d 19950810 00:00:00 |a awong | ||
| 260 | |a Barcelona |b Teide |c 1973 | ||
| 260 | |a Barcelona |b Instituto Geográfico de Agostini |c 1973 | ||
| 650 | 0 | |a Botánica |9 264202 | |
| 650 | 0 | |a Diccionarios |9 256200 | |
| 583 | |a last modification |c 20120904 08:22:45 |k Rodrigo Vera | ||
| 999 | |c 237870 |d 237868 | ||
| 952 | |0 0 |1 0 |4 0 |6 581_000000000000000_TOS_1973_1973 |7 0 |8 A |9 247615 |a BIBCUR |b BIBCUR |d 2019-11-18 |i 3116905 |l 3 |m 1 |o 581 TOS 1973 1973 |p 3116905 |r 2025-04-22 |s 2024-08-23 |w 2019-11-18 |y BK |k BCB | ||